Country Flags With Yellow Removed 1 - Statistics

General Stats
  • This quiz has been taken 125 times
  • The average score is 14 of 16
Answer Stats
Picture Answer % Correct
Spain
100%
Sri Lanka
100%
Vatican City
99%
Uganda
98%
Germany
93%
Ghana
91%
Togo
90%
Senegal
89%
Cameroon
88%
Republic of the Congo
86%
Grenada
85%
Guyana
85%
São Tomé and Príncipe
81%
Gabon
76%
Guinea
68%
Colombia
65%
No matching quizzes found
Score Distribution
Percent of People with Each Score
Percentile by Number Answered
Your Score History
You have not taken this quiz